|
|
|
|
| LEADER |
01227nam a22002537a 4500 |
| 003 |
GR-PaULI |
| 005 |
20230519130434.0 |
| 008 |
230519s2010 gw ae||| |||| 00| 0 eng d |
| 952 |
|
|
|0 0
|1 0
|2 ddc
|4 0
|6 307_121000000000000_6_BRE
|7 0
|9 371864
|a ARCH
|b ARCH
|c BSC
|d 2023-05-19
|i 008552
|l 0
|o 307.121 6 BRE
|p 025000180294
|r 2023-05-19 00:00:00
|w 2023-05-19
|y BK15
|
| 999 |
|
|
|c 216886
|d 216886
|
| 020 |
|
|
|a 9783868590920
|
| 040 |
|
|
|a GR-PaULI
|b gre
|c GR-PaULI
|d AACR2
|
| 082 |
|
|
|2 23
|a 307.121 6
|
| 100 |
1 |
|
|9 107096
|a Brenner, Klaus Theo,
|d 1950-
|
| 245 |
1 |
4 |
|a Die schöne Stadt :
|b Handbuch zum Entwurf einer nachhaltigen Stadtarchitektur /
|c Klaus Theo Brenner ; mit Beiträgen von Robert Kaltenbrunner ... [et al.].
|
| 260 |
|
|
|a Berlin :
|b Jovis,
|c 2010
|
| 300 |
|
|
|a 191 σ. :
|b εικ. (μερ. έγχρ.), σχεδ. ;
|c 19 εκ.
|
| 504 |
|
|
|a Περιλαμβάνει βιβλιογραφικές αναφορές.
|
| 650 |
|
4 |
|9 6668
|a Αρχιτεκτονική
|x Περιβαλλοντικές απόψεις
|
| 650 |
|
4 |
|9 6539
|a Πόλεις και κωμοπόλεις
|
| 650 |
|
4 |
|9 106851
|a Αστικός σχεδιασμός
|
| 650 |
|
0 |
|9 166576
|a Χρήση γης
|x Σχεδιασμός
|
| 942 |
|
|
|2 ddc
|c BK15
|
| 998 |
|
|
|c ΚΗΠΟΥΡΓΟΥ
|d 2023-05
|